Tanečné štúdio Hurbanovo

Enregistré dans:
Détails bibliographiques
Auteur principal: Markuss, Roman (Auteur)
Autres auteurs: Šimkovičová, Vladimíra (Directeur de thèse)
Format: Manuscrit Livre
Langue:slovaque
Publié: 2023
Sujets:
Accès en ligne:http://is.stuba.sk/zp/portal_zp.pl?podrobnosti=155810
https://opac.crzp.sk/?fn=detailBiblioForm&sid=D51643D01657CDEC2994B0F06848
Tags: Ajouter un tag
Pas de tags, Soyez le premier à ajouter un tag!

MARC

LEADER 00000ntm a22000003a 4500
001 stuzp93717
003 SK-STU
005 20230919120147.9
007 ta
008 150427s2015----xo-----f-mn---000-0-slo-d
040 |a STU  |b slo 
041 0 |a slo 
100 1 |a Markuss, Roman  |u 010310  |4 aut  |U SvF Stavebná fakulta  |T SvF Katedra architektúry  |X 103737  |U V181|V310  |Y 19  |7 103737 
242 0 1 |a Dance Studio  |y eng 
245 1 0 |a Tanečné štúdio Hurbanovo 
260 |c 2023 
650 4 |a tanečná sála  |2 slo 
650 4 |a extenzívna vegetačná strecha  |2 slo 
650 4 |a posilňovňa  |2 slo 
650 4 |a tanečné štúdio  |2 slo 
650 4 |a dance studio  |2 eng 
650 4 |a dance hall  |2 eng 
650 4 |a extensive green roof  |2 eng 
650 4 |a gym  |2 eng 
700 1 |a Šimkovičová, Vladimíra  |u 010310  |k Z8  |4 ths  |U SvF Stavebná fakulta  |T SvF Katedra architektúry  |X 649  |U V181|V310  |Y 19  |7 A000000649 
856 4 |u http://is.stuba.sk/zp/portal_zp.pl?podrobnosti=155810 
856 4 |u https://opac.crzp.sk/?fn=detailBiblioForm&sid=D51643D01657CDEC2994B0F06848